| 000 | 00428cam a22001337a 4500 | ||
|---|---|---|---|
| 008 | 180718b1998 xxu||||| |||| 00| 0 eng d | ||
| 082 | _aA81x54 91/23/PT2A | ||
| 100 | _aCensus of India 1991 | ||
| 245 | _aTamil Nadu: general population tables | ||
| 260 |
_aNew Delhi _bThe Controller of Publications _c1998 |
||
| 300 | _a703+p. | ||
| 440 | _aCensus of India 1991. Series-23, Tamil Nadu. Part II-A | ||
| 650 | _aTamil Nadu - Census | ||
| 999 |
_c487855 _d487855 |
||